000 00981cam a22002897a 4500
003 CHAP
005 20220329133526.0
008 971013s1991 r 10010 d
010 _a7417
011 _a8389
035 _a7615
040 _cCHAP
082 _a634.772063
_bA8 1989
111 0 0 _aAsociación para la Cooperación en Investigaciones de Banano en el Caribe y en América Tropical. Reunión (
_n9
_d: 1989
_c: Mérida, Venezuela)
_98109
245 0 _aMemorias
260 _aMaracaibo, Venezuela :
_bACORBAT,
_c1991
300 _a675 p.
_b: ilus. ; gráfs.
590 _aBATCH-UPD
_b10
_c20130110
_lUCH01
_h2150
590 _aBATCH-UPD
_b10
_c20130410
_lUCH01
_h1458
590 _aBATCH-UPD
_b10
_c20130914
_lUCH01
_h1922
590 _aCONVERSION
_b10
_c20130109
_lUCH01
_h1305
650 1 4 _aPlátano
_xCongresos.
_989221
700 0 _aAnez, Bruno.
_96189
901 _aBK
942 _cLIBRO
949 _a634.772063 A8 1989
_bBC
_cLIBRO
_d33724000210480
_eLIBRO
_h82514
_i7615
_mD
_si
999 _c7417
_d7417